<?xml version="1.0" encoding="UTF-8"?>
<record
    xmlns:xsi="http://www.w3.org/2001/XMLSchema-instance"
    xsi:schemaLocation="http://www.loc.gov/MARC21/slim http://www.loc.gov/standards/marcxml/schema/MARC21slim.xsd"
    xmlns="http://www.loc.gov/MARC21/slim">

  <leader>01673nam0a2200385   4500</leader>
  <controlfield tag="001">RU\NLR\bibl\1384146</controlfield>
  <controlfield tag="005">20250615194512.0</controlfield>
  <datafield tag="010" ind1=" " ind2=" ">
    <subfield code="a">978-5-397-00001-7</subfield>
    <subfield code="b">&#x432; &#x43F;&#x435;&#x440;.</subfield>
    <subfield code="9">5000</subfield>
  </datafield>
  <datafield tag="021" ind1=" " ind2=" ">
    <subfield code="a">RU</subfield>
    <subfield code="b">2009-33046</subfield>
    <subfield code="9">1992</subfield>
  </datafield>
  <datafield tag="035" ind1=" " ind2=" ">
    <subfield code="a">(nilc)RSL-KNO-004319769</subfield>
  </datafield>
  <datafield tag="035" ind1=" " ind2=" ">
    <subfield code="a">(NLR Aleph) 001376219</subfield>
  </datafield>
  <datafield tag="090" ind1=" " ind2=" ">
    <subfield code="a">1073135</subfield>
    <subfield code="c">1073135</subfield>
  </datafield>
  <datafield tag="100" ind1=" " ind2=" ">
    <subfield code="a">20090416d2009    |||y0rusy50      ca</subfield>
  </datafield>
  <datafield tag="101" ind1="1" ind2=" ">
    <subfield code="a">rus</subfield>
    <subfield code="a">eng</subfield>
    <subfield code="c">eng</subfield>
  </datafield>
  <datafield tag="102" ind1=" " ind2=" ">
    <subfield code="a">RU</subfield>
  </datafield>
  <datafield tag="105" ind1=" " ind2=" ">
    <subfield code="a">y   zzzz|||||</subfield>
  </datafield>
  <datafield tag="200" ind1="1" ind2=" ">
    <subfield code="a">&#x422;&#x43A;&#x430;&#x43D;&#x44C; &#x43A;&#x43E;&#x441;&#x43C;&#x43E;&#x441;&#x430;</subfield>
    <subfield code="e">&#x43F;&#x440;&#x43E;&#x441;&#x442;&#x440;&#x430;&#x43D;&#x441;&#x442;&#x432;&#x43E;, &#x432;&#x440;&#x435;&#x43C;&#x44F; &#x438; &#x442;&#x435;&#x43A;&#x441;&#x442;&#x443;&#x440;&#x430; &#x440;&#x435;&#x430;&#x43B;&#x44C;&#x43D;&#x43E;&#x441;&#x442;&#x438;</subfield>
    <subfield code="f">&#x411;&#x440;&#x430;&#x439;&#x430;&#x43D; &#x413;&#x440;&#x438;&#x43D;</subfield>
    <subfield code="g">&#x43F;&#x435;&#x440;. &#x441; &#x430;&#x43D;&#x433;&#x43B;. &#x43F;&#x43E;&#x434; &#x43E;&#x431;&#x449;. &#x440;&#x443;&#x43A;. &#x411;. &#x421;. &#x418;&#x448;&#x445;&#x430;&#x43D;&#x43E;&#x432;&#x430;</subfield>
    <subfield code="g">&#x43F;&#x43E;&#x434; &#x440;&#x435;&#x434;. &#x43A;&#x430;&#x43D;&#x434;&#x438;&#x434;&#x430;&#x442;&#x43E;&#x432; &#x444;&#x438;&#x437;.-&#x43C;&#x430;&#x442;. &#x43D;&#x430;&#x443;&#x43A; &#x412;.&#x41E;. &#x41C;&#x430;&#x43B;&#x44B;&#x448;&#x435;&#x43D;&#x43A;&#x43E;, &#x410;.&#x414;. &#x41F;&#x430;&#x43D;&#x43E;&#x432;&#x430;</subfield>
  </datafield>
  <datafield tag="210" ind1=" " ind2=" ">
    <subfield code="a">&#x41C;&#x43E;&#x441;&#x43A;&#x432;&#x430;</subfield>
    <subfield code="c">URSS</subfield>
    <subfield code="c">&#x41B;&#x418;&#x411;&#x420;&#x41E;&#x41A;&#x41E;&#x41C;</subfield>
    <subfield code="d">[2009]</subfield>
  </datafield>
  <datafield tag="215" ind1=" " ind2=" ">
    <subfield code="a">601 &#x441;.</subfield>
    <subfield code="c">&#x438;&#x43B;.</subfield>
    <subfield code="d">24</subfield>
  </datafield>
  <datafield tag="300" ind1=" " ind2=" ">
    <subfield code="a">&#x41F;&#x435;&#x440;. &#x438;&#x437;&#x434;.: The Fabric of the Cosmos / Brian Greene. - New York, 2004</subfield>
  </datafield>
  <datafield tag="320" ind1=" " ind2=" ">
    <subfield code="a">&#x411;&#x438;&#x431;&#x43B;&#x438;&#x43E;&#x433;&#x440;.: &#x441;. 559-562</subfield>
  </datafield>
  <datafield tag="320" ind1=" " ind2=" ">
    <subfield code="a">&#x41F;&#x440;&#x435;&#x434;&#x43C;. &#x438; &#x438;&#x43C;&#x435;&#x43D;. &#x443;&#x43A;&#x430;&#x437;.: &#x441;. 563-601</subfield>
  </datafield>
  <datafield tag="454" ind1=" " ind2="0">
    <subfield code="1">2001#$aThe Fabric of the Cosmos$fBrian Greene</subfield>
    <subfield code="1">700#1$aGreene$bB.$gBrian$4070</subfield>
    <subfield code="1">210##$aNew York$d2004</subfield>
    <subfield code="t">The Fabric of the Cosmos</subfield>
    <subfield code="a">Greene, Brian</subfield>
  </datafield>
  <datafield tag="606" ind1="1" ind2=" ">
    <subfield code="a">&#x41F;&#x440;&#x43E;&#x441;&#x442;&#x440;&#x430;&#x43D;&#x441;&#x442;&#x432;&#x43E; &#x438; &#x432;&#x440;&#x435;&#x43C;&#x44F;</subfield>
    <subfield code="9">2173538</subfield>
    <subfield code="3">RU\NLR\auth\661307338</subfield>
  </datafield>
  <datafield tag="606" ind1="1" ind2=" ">
    <subfield code="a">&#x41A;&#x43E;&#x441;&#x43C;&#x43E;&#x43B;&#x43E;&#x433;&#x438;&#x44F;</subfield>
    <subfield code="9">1289119</subfield>
    <subfield code="3">RU\NLR\auth\66532630</subfield>
  </datafield>
  <datafield tag="686" ind1=" " ind2=" ">
    <subfield code="a">&#x412;69,0</subfield>
    <subfield code="2">rubbk</subfield>
  </datafield>
  <datafield tag="686" ind1=" " ind2=" ">
    <subfield code="a">&#x412;31</subfield>
  </datafield>
  <datafield tag="686" ind1=" " ind2=" ">
    <subfield code="a">&#x412;632.93</subfield>
  </datafield>
  <datafield tag="700" ind1=" " ind2="1">
    <subfield code="a">&#x413;&#x440;&#x438;&#x43D;</subfield>
    <subfield code="b">&#x411;.</subfield>
    <subfield code="f">1963-</subfield>
    <subfield code="g">&#x411;&#x440;&#x430;&#x439;&#x430;&#x43D;</subfield>
    <subfield code="4">070</subfield>
  </datafield>
  <datafield tag="801" ind1=" " ind2="0">
    <subfield code="a">RU</subfield>
    <subfield code="b">&#x420;&#x41A;&#x41F;</subfield>
    <subfield code="c">20090416</subfield>
    <subfield code="g">rcr</subfield>
  </datafield>
  <datafield tag="801" ind1=" " ind2="1">
    <subfield code="a">RU</subfield>
    <subfield code="b">&#x420;&#x413;&#x411;</subfield>
    <subfield code="c">20090416</subfield>
  </datafield>
  <datafield tag="801" ind1=" " ind2="2">
    <subfield code="a">RU</subfield>
    <subfield code="b">NLR</subfield>
    <subfield code="c">20090622</subfield>
    <subfield code="g">rcr</subfield>
  </datafield>
  <datafield tag="942" ind1=" " ind2=" ">
    <subfield code="c">BOOK</subfield>
  </datafield>
  <datafield tag="980" ind1=" " ind2=" ">
    <subfield code="a">NB</subfield>
  </datafield>
  <datafield tag="995" ind1=" " ind2=" ">
    <subfield code="5">2009-06-22</subfield>
    <subfield code="a">ad</subfield>
    <subfield code="b">NLR01</subfield>
    <subfield code="c">NLR01</subfield>
    <subfield code="e">RF9</subfield>
    <subfield code="f">1-683992</subfield>
    <subfield code="k">2009-7/3753</subfield>
    <subfield code="o">0</subfield>
    <subfield code="r">BOOK</subfield>
    <subfield code="s">200973753_</subfield>
  </datafield>
  <datafield tag="995" ind1=" " ind2=" ">
    <subfield code="5">2009-06-22</subfield>
    <subfield code="a">ad</subfield>
    <subfield code="b">NLR01</subfield>
    <subfield code="c">NLR01</subfield>
    <subfield code="e">RF9</subfield>
    <subfield code="f">2945646</subfield>
    <subfield code="k">2009-7/3753</subfield>
    <subfield code="o">0</subfield>
    <subfield code="r">BOOK</subfield>
    <subfield code="s">200973753_</subfield>
  </datafield>
  <datafield tag="995" ind1=" " ind2=" ">
    <subfield code="5">2009-09-25</subfield>
    <subfield code="a">aa</subfield>
    <subfield code="b">NLR02</subfield>
    <subfield code="c">NLR02</subfield>
    <subfield code="e">UCHZ</subfield>
    <subfield code="f">1-287521</subfield>
    <subfield code="k">&#x423;  &#x412;63/&#x413;-850</subfield>
    <subfield code="o">0</subfield>
    <subfield code="p">559.00</subfield>
    <subfield code="r">BOOK</subfield>
    <subfield code="s">_63850</subfield>
  </datafield>
</record>
